[Event "4NCL/Div3/MIN vs. PAP"]
[Site "Wokefield Park ENG"]
[Date "2007.03.04"]
[Round "8.1"]
[White "Rizouk, Ryad"]
[Black "Summerscale, Aaron"]
[Result "0-1"]
[WhiteElo "2359"]
[BlackElo "2487"]
[PlyCount "72"]
[EventDate "2007.03.04"]
[EventType "team"]
[EventRounds "11"]
[EventCountry "ENG"]

1. e4 Nf6 2. e5 Nd5 3. d4 d6 4. Nf3 dxe5 5. Nxe5 c6 6. Be2 Bf5 7. Na3 Nd7 8.
Nxd7 Qxd7 9. Nc4 e6 10. O-O Be7 11. Ne5 Qc8 12. c4 Nb6 13. Bg4 Bxg4 14. Qxg4
O-O 15. a4 Nd7 16. Bh6 Bf6 17. Rfe1 Kh8 18. Bf4 Be7 19. Rad1 Nf6 20. Qf3 Kg8
21. h3 Qd8 22. Re3 Qa5 23. Rb3 Qa6 24. Bg5 Rfe8 25. Ng4 Nxg4 26. Qxg4 Bxg5 27.
Qxg5 Qxa4 28. Rdd3 Qxc4 29. Rg3 Qxd4 30. Rg4 Qd1+ 31. Kh2 g6 32. Rxb7 Qd6+ 33.
Rf4 Rf8 34. Qf6 Rad8 35. g3 e5 36. Rxf7 Qxf6 0-1

[Event "4NCL/Div3/MIN vs. PAP"]
[Site "Wokefield Park ENG"]
[Date "2007.03.04"]
[Round "8.2"]
[White "Winkelmann, Elena"]
[Black "Hardman, Michael J"]
[Result "1/2-1/2"]
[WhiteElo "2075"]
[BlackElo "2133"]
[PlyCount "83"]
[EventDate "2007.03.04"]
[EventType "team"]
[EventRounds "11"]
[EventCountry "ENG"]

1. c4 Nf6 2. d4 c5 3. d5 e5 4. Nc3 d6 5. e4 a6 6. a4 Be7 7. Be2 Nbd7 8. a5 O-O
9. Be3 Ne8 10. Bg4 Bg5 11. Bxd7 Bxd7 12. Qd2 Bxe3 13. Qxe3 f5 14. Nge2 f4 15.
Qd3 Qg5 16. g3 fxg3 17. hxg3 Nc7 18. f4 Qf6 19. f5 Qg5 20. Qf3 Be8 21. g4 Rf6
22. Kf2 Rb8 23. Qe3 Qxe3+ 24. Kxe3 h6 25. Kd3 b5 26. axb6 Rxb6 27. Kc2 Rf8 28.
Nc1 Kf7 29. Nd3 Kf6 30. Rad1 a5 31. Nxc5 dxc5 32. d6 Bf7 33. dxc7 Rc8 34. Nb5
Ke7 35. Kc3 Be8 36. Rd5 Bxb5 37. cxb5 Rxb5 38. Rxe5+ Kf7 39. Rd5 Rxc7 40. e5
Rb4 41. Rg1 Rf4 42. Rd6 1/2-1/2

[Event "4NCL/Div3/MIN vs. PAP"]
[Site "Wokefield Park ENG"]
[Date "2007.03.04"]
[Round "8.3"]
[White "James, Stephen B"]
[Black "Lang, Heather"]
[Result "0-1"]
[WhiteElo "2053"]
[BlackElo "2067"]
[PlyCount "88"]
[EventDate "2007.03.04"]
[EventType "team"]
[EventRounds "11"]
[EventCountry "ENG"]

1. e4 e5 2. Nf3 Nc6 3. Bb5 a6 4. Ba4 Nf6 5. O-O b5 6. Bb3 Bb7 7. d3 Bd6 8. c3
h6 9. Nbd2 O-O 10. Re1 Re8 11. Nf1 Bf8 12. Ng3 g6 13. h3 d5 14. Qe2 Bg7 15. a4
Na5 16. Bc2 c5 17. axb5 axb5 18. b3 Nxb3 19. Rxa8 Nxc1 20. Rxc1 Qxa8 21. Rb1
Bc6 22. Nd2 Qa5 23. c4 dxc4 24. dxc4 b4 25. Ndf1 Qa8 26. f3 h5 27. h4 Nd7 28.
Ne3 Qd8 29. Rd1 Bf8 30. Rd3 Qxh4 31. Ngf1 Ra8 32. Qd1 Nb6 33. Bb3 Qe7 34. Nd5
Bxd5 35. exd5 Nc8 36. Ng3 Bg7 37. d6 Nxd6 38. Rxd6 e4 39. Qd5 Ra1+ 40. Bd1 Bd4+
41. Kf1 Rxd1+ 42. Ke2 Ra1 43. fxe4 Kg7 44. Nf1 Qh4 0-1

[Event "4NCL/Div3/MIN vs. PAP"]
[Site "Wokefield Park ENG"]
[Date "2007.03.04"]
[Round "8.4"]
[White "Forbes, Cathy"]
[Black "Edwards, Ray B"]
[Result "0-1"]
[WhiteElo "2098"]
[BlackElo "2131"]
[PlyCount "118"]
[EventDate "2007.03.04"]
[EventType "team"]
[EventRounds "11"]
[EventCountry "ENG"]

1. d4 d5 2. c3 Nf6 3. Bf4 g6 4. e3 Bg7 5. Be2 O-O 6. Nd2 b6 7. Ngf3 Bb7 8. Ne5
Nbd7 9. h4 Ne4 10. Nxd7 Qxd7 11. Nxe4 dxe4 12. h5 Rad8 13. Qb3 c5 14. O-O-O
cxd4 15. exd4 Qf5 16. Be3 e5 17. d5 Rd6 18. c4 Qd7 19. g4 Rc8 20. Kb1 Qe7 21.
Rhg1 Qc7 22. Rc1 Qd8 23. Qc2 Bxd5 24. Qa4 Bc6 25. Qxa7 Ra8 26. Qxb6 Qxb6 27.
Bxb6 gxh5 28. gxh5 f5 29. Bc7 Re6 30. Rcd1 Rc8 31. Rd6 Rxd6 32. Bxd6 Kf7 33.
Rd1 f4 34. c5 f3 35. Bc4+ Kf6 36. Rg1 Bh6 37. Bg8 e3 38. Bxh7 exf2 39. Rf1 Be3
40. Bd3 Rg8 41. h6 Rg1 42. h7 Rxf1+ 43. Bxf1 Be4+ 44. Ka1 Bxh7 45. c6 Be4 46.
c7 Bb7 47. Bc4 Bb6 48. a4 e4 49. Bf4 Kf5 50. Bd2 Bxc7 51. Be3 Bf4 52. Bxf2 e3
53. Bxe3 Bxe3 54. a5 f2 55. a6 Bg2 56. b4 f1=Q+ 57. Bxf1 Bxf1 58. Kb2 Bxa6 59.
Kb3 Bb5 0-1

[Event "4NCL/Div3/MIN vs. PAP"]
[Site "Wokefield Park ENG"]
[Date "2007.03.04"]
[Round "8.5"]
[White "Almond, Richard"]
[Black "Yurenok, Maria S"]
[Result "1/2-1/2"]
[WhiteElo "2109"]
[BlackElo "2030"]
[PlyCount "63"]
[EventDate "2007.03.04"]
[EventType "team"]
[EventRounds "11"]
[EventCountry "ENG"]

1. d4 Nf6 2. c4 c5 3. d5 b5 4. cxb5 a6 5. e3 axb5 6. Bxb5 Qa5+ 7. Nc3 Ba6 8.
Bxa6 Nxa6 9. Nge2 Nb4 10. O-O d6 11. e4 g6 12. Ng3 Bg7 13. f4 O-O 14. Be3 Nd7
15. a3 Na6 16. Qc2 Rfb8 17. Rae1 Rxb2 18. Qxb2 Bxc3 19. Qe2 Bxe1 20. Rxe1 Qxa3
21. e5 dxe5 22. fxe5 Nc7 23. Bc1 Qa2 24. Qxa2 Rxa2 25. d6 exd6 26. exd6 Ne6 27.
Bh6 Ra6 28. Ne4 f5 29. Ng5 Nxg5 30. Re8+ Kf7 31. Re7+ Kg8 32. Re8+ 1/2-1/2

[Event "4NCL/Div3/MIN vs. PAP"]
[Site "Wokefield Park ENG"]
[Date "2007.03.04"]
[Round "8.6"]
[White "Rutherford, Elaine"]
[Black "Ackley, Peter"]
[Result "0-1"]
[WhiteElo "2091"]
[BlackElo "2115"]
[PlyCount "42"]
[EventDate "2007.03.04"]
[EventType "team"]
[EventRounds "11"]
[EventCountry "ENG"]

1. e4 e6 2. d4 d5 3. Nd2 Be7 4. c3 c5 5. exd5 exd5 6. Ngf3 Nf6 7. dxc5 Bxc5 8.
Nb3 Bb6 9. Be2 O-O 10. O-O Ne4 11. Nbd4 Bg4 12. Qd3 Nc6 13. Be3 Re8 14. Rfe1
Qf6 15. Nc2 Bxf3 16. gxf3 Ne5 17. Qxd5 Nxf3+ 18. Bxf3 Qxf3 19. Qd1 Ng5 20. h4
Nh3+ 21. Kh2 Bc7+ 0-1

[Event "4NCL/Div3/MIN vs. PAP"]
[Site "Wokefield Park ENG"]
[Date "2007.03.04"]
[Round "8.7"]
[White "Parker, Robert"]
[Black "Kieran, Rosalind A"]
[Result "1/2-1/2"]
[WhiteElo "2097"]
[BlackElo "2048"]
[PlyCount "39"]
[EventDate "2007.03.04"]
[EventType "team"]
[EventRounds "11"]
[EventCountry "ENG"]

1. d4 Nf6 2. c4 e6 3. Nc3 d5 4. Bg5 Nbd7 5. cxd5 exd5 6. e3 c6 7. Bd3 Be7 8.
Qc2 O-O 9. Nge2 Re8 10. h4 Nf8 11. O-O-O b5 12. Kb1 Bd7 13. Nc1 a5 14. Nb3 Qb6
15. Bxf6 Bxf6 16. Nc5 Be6 17. Ne2 a4 18. Nf4 Be7 19. Rc1 Rec8 20. Qe2 1/2-1/2

[Event "4NCL/Div3/MIN vs. PAP"]
[Site "Wokefield Park ENG"]
[Date "2007.03.04"]
[Round "8.8"]
[White "Thilaganathan, Jessica"]
[Black "Chadwick, Susan E"]
[Result "1-0"]
[WhiteElo "1880"]
[BlackElo "1620"]
[PlyCount "127"]
[EventDate "2007.03.04"]
[EventType "team"]
[EventRounds "11"]
[EventCountry "ENG"]

1. d4 d5 2. c4 e6 3. Nf3 Nf6 4. Nc3 Be7 5. Bf4 O-O 6. e3 a6 7. a3 dxc4 8. Bxc4
b5 9. Bd3 Bb7 10. Rc1 Nbd7 11. b4 Rc8 12. e4 Nb6 13. Qe2 Nh5 14. Be3 Nf6 15.
Nd2 Re8 16. f3 Bf8 17. Nb3 e5 18. d5 c6 19. Na5 Ba8 20. dxc6 Bxc6 21. O-O Ba8
22. Rfd1 Nbd7 23. Qb2 Nh5 24. a4 Nf4 25. Bf1 Qe7 26. Rb1 Qe6 27. axb5 axb5 28.
Bxb5 Red8 29. Na4 Rb8 30. Bc4 Qg6 31. b5 Bb4 32. Bxf4 Bxa5 33. Bxe5 Nxe5 34.
Qxe5 Bb6+ 35. Kh1 Re8 36. Qd6 Qxd6 37. Rxd6 Red8 38. Rbd1 Rxd6 39. Rxd6 Be3 40.
Rd7 Rf8 41. g3 h6 42. Rc7 Bd4 43. Bd5 Bxd5 44. exd5 Rd8 45. b6 Be5 46. Rc5 Bd6
47. Rc6 Kf8 48. b7 Ke7 49. Nb6 Bb8 50. f4 f5 51. h4 Kf7 52. Kg2 Ke7 53. h5 Kf7
54. Kf3 Ke7 55. Ke3 Kf7 56. Kd4 Ba7 57. Kc4 Bxb6 58. Rxb6 Rb8 59. Kb5 Ke7 60.
Ka6 Kd7 61. Ka7 Kc7 62. d6+ Kd7 63. Kxb8 Kd8 64. Ka7 1-0

[Event "4NCL/Div3/WES2 vs. NWE2"]
[Site "Wokefield Park ENG"]
[Date "2007.03.04"]
[Round "8.1"]
[White "Tunks, Dominic"]
[Black "Lyell, Mark"]
[Result "0-1"]
[WhiteElo "2115"]
[BlackElo "2212"]
[PlyCount "60"]
[EventDate "2007.03.04"]
[EventType "team"]
[EventRounds "11"]
[EventCountry "ENG"]

1. e4 e5 2. Nf3 Nc6 3. Bb5 f5 4. Qe2 fxe4 5. Bxc6 bxc6 6. Nxe5 Nf6 7. Nc3 Bd6
8. Nxe4 Bxe5 9. Nxf6+ gxf6 10. d4 O-O 11. dxe5 fxe5 12. Bh6 Rf7 13. O-O-O Qf6
14. Bd2 d5 15. f4 e4 16. Rhf1 c5 17. Qh5 Qf5 18. Qh6 Qg6 19. Qxg6+ hxg6 20.
Rde1 Ba6 21. Rh1 Re8 22. Re3 d4 23. Rg3 Kg7 24. Rg4 e3 25. Ba5 Re4 26. g3 c4
27. h4 Rf5 28. Bxc7 d3 29. Rg5 Bb7 30. Rg1 d2+ 0-1

[Event "4NCL/Div3/WES2 vs. NWE2"]
[Site "Wokefield Park ENG"]
[Date "2007.03.04"]
[Round "8.2"]
[White "Hulmes, David I"]
[Black "Clark, Ian C"]
[Result "1-0"]
[WhiteElo "2212"]
[BlackElo "2123"]
[PlyCount "103"]
[EventDate "2007.03.04"]
[EventType "team"]
[EventRounds "11"]
[EventCountry "ENG"]

1. e4 c5 2. Nf3 Nc6 3. d4 cxd4 4. Nxd4 Nf6 5. Nc3 e5 6. Ndb5 d6 7. Bg5 a6 8.
Na3 Be7 9. Nc4 Be6 10. Bxf6 gxf6 11. Bd3 d5 12. exd5 Bxd5 13. Nxd5 Qxd5 14. O-O
Bc5 15. Qg4 Ke7 16. Ne3 Bxe3 17. fxe3 Rhg8 18. Qf3 Qxf3 19. Rxf3 Rad8 20. Raf1
Rd6 21. Bxh7 Rg4 22. h3 Rb4 23. b3 Rh4 24. Bf5 Nb4 25. g3 Rh8 26. a3 Nc6 27. h4
b5 28. Be4 b4 29. a4 Nb8 30. Bf5 Nc6 31. R3f2 a5 32. Kg2 Kf8 33. Kh3 Kg7 34. g4
Nd8 35. Kg3 Rc6 36. Rd1 Rc3 37. Rd3 Rxd3 38. cxd3 Ne6 39. Rc2 Rd8 40. Kf3 Rd5
41. Bxe6 fxe6 42. Rc7+ Kh6 43. Ke4 Rd8 44. Rc6 Kg7 45. Rxe6 Rc8 46. Ra6 Rc3 47.
Rxa5 Rxb3 48. Rb5 Kg6 49. Rb6 Rb1 50. g5 Rh1 51. Rxf6+ Kg7 52. Rb6 1-0

[Event "4NCL/Div3/WES2 vs. NWE2"]
[Site "Wokefield Park ENG"]
[Date "2007.03.04"]
[Round "8.3"]
[White "Rutter, Nicholas"]
[Black "Mulligan, Stephen"]
[Result "1/2-1/2"]
[WhiteElo "2189"]
[BlackElo "2178"]
[PlyCount "43"]
[EventDate "2007.03.04"]
[EventType "team"]
[EventRounds "11"]
[EventCountry "ENG"]

1. e4 d5 2. exd5 Nf6 3. d4 Nxd5 4. Nf3 Bg4 5. Be2 e6 6. O-O Be7 7. c4 Nf6 8.
Be3 c6 9. Nc3 O-O 10. Ne5 Bxe2 11. Qxe2 Nbd7 12. Nxd7 Qxd7 13. Rfd1 Rfd8 14.
Qf3 Qc7 15. Rac1 Qa5 16. a3 Rac8 17. h3 h6 18. Ne4 Nxe4 19. Qxe4 Bf6 20. Qf3
Be7 21. Bd2 Qc7 22. Bf4 1/2-1/2

[Event "4NCL/Div3/WES2 vs. NWE2"]
[Site "Wokefield Park ENG"]
[Date "2007.03.04"]
[Round "8.4"]
[White "Redmond, John"]
[Black "Pleasants, Allan J"]
[Result "0-1"]
[WhiteElo "2226"]
[BlackElo "2075"]
[PlyCount "108"]
[EventDate "2007.03.04"]
[EventType "team"]
[EventRounds "11"]
[EventCountry "ENG"]

1. f4 b6 2. e4 Bb7 3. d3 e6 4. Nf3 c5 5. Be2 Nc6 6. c3 Nf6 7. O-O Be7 8. Qc2 d6
9. a3 O-O 10. Kh1 Rc8 11. Be3 e5 12. f5 d5 13. Nbd2 Nd4 14. Nxd4 cxd4 15. Bg5
dxc3 16. bxc3 Qc7 17. Rfc1 Rfd8 18. Bf3 dxe4 19. dxe4 Nxe4 20. Nxe4 Bxe4 21.
Qxe4 Bxg5 22. Rc2 Rd2 23. Raa2 Rcd8 24. Rxd2 Bxd2 25. Rc2 Qd6 26. g3 h6 27. a4
Qc5 28. Kg2 Bxc3 29. f6 gxf6 30. Qg4+ Kf8 31. Qh4 Ke7 32. Qxh6 Qc4 33. Qc1 Rc8
34. Be2 Qd4 35. Qa3+ Rc5 36. Qb3 Be1 37. Bb5 Rxc2+ 38. Qxc2 Qd2+ 39. Qxd2 Bxd2
40. Be2 e4 41. g4 f5 42. gxf5 f6 43. Bc4 Kd6 44. Kf2 Kc5 45. Be6 Bh6 46. Ke2 b5
47. axb5 Kxb5 48. Bd5 e3 49. Kd3 Kb4 50. Bf3 a5 51. Bc6 a4 52. Bd5 Ka3 53. Bc6
Kb3 54. Bd5+ Kb2 0-1

[Event "4NCL/Div3/WES2 vs. NWE2"]
[Site "Wokefield Park ENG"]
[Date "2007.03.04"]
[Round "8.5"]
[White "Jenks, Bruce"]
[Black "Hughes, Howard R"]
[Result "0-1"]
[WhiteElo "2099"]
[BlackElo "2208"]
[PlyCount "44"]
[EventDate "2007.03.04"]
[EventType "team"]
[EventRounds "11"]
[EventCountry "ENG"]

1. d4 e6 2. Nf3 f5 3. Bg5 Be7 4. Bxe7 Qxe7 5. Nbd2 Nf6 6. e3 b6 7. Bd3 Bb7 8.
c3 d6 9. Qc2 Nbd7 10. e4 e5 11. O-O-O O-O-O 12. Qa4 fxe4 13. dxe5 Nc5 14. exf6
Qxf6 15. Qc2 Nxd3+ 16. Kb1 Nxf2 17. Nd4 e3 18. Rhf1 exd2 19. Rxd2 Be4 20. Rdxf2
Bxc2+ 21. Kxc2 Qg6+ 22. Kb3 d5 0-1

[Event "4NCL/Div3/WES2 vs. NWE2"]
[Site "Wokefield Park ENG"]
[Date "2007.03.04"]
[Round "8.6"]
[White "Spence, David"]
[Black "Pym, Thomas W"]
[Result "1/2-1/2"]
[WhiteElo "2166"]
[BlackElo "2053"]
[PlyCount "115"]
[EventDate "2007.03.04"]
[EventType "team"]
[EventRounds "11"]
[EventCountry "ENG"]

1. e4 g6 2. d4 Bg7 3. Nc3 d6 4. Bg5 a6 5. Nf3 b5 6. a4 b4 7. Ne2 Nf6 8. Ng3 Bb7
9. Bd3 c5 10. c3 c4 11. Bxf6 exf6 12. Bxc4 O-O 13. O-O d5 14. Bd3 bxc3 15. bxc3
Qc7 16. Qb3 dxe4 17. Bxe4 Bxe4 18. Nxe4 Nd7 19. c4 Rab8 20. Qa2 Rb4 21. Rfc1 f5
22. Ned2 Rfb8 23. a5 Rb2 24. Qa3 Bxd4 25. Nxd4 Rxd2 26. Nf3 Re2 27. Ra2 Rxa2
28. Qxa2 Qc5 29. h4 Nf6 30. Qd2 Ne4 31. Qd4 Qxa5 32. c5 Qa3 33. Rc4 h5 34. c6
Qd6 35. Qxd6 Nxd6 36. Rd4 Nb5 37. Rd7 Rc8 38. Ne5 a5 39. Rb7 Nd4 40. Ra7 Nxc6
41. Nxc6 Rxc6 42. Rxa5 Rc4 43. g3 f4 44. Kg2 Kg7 45. Kf3 fxg3 46. fxg3 Rc6 47.
Rb5 Kf6 48. Ra5 Rc1 49. Kf2 Rc3 50. Rb5 Rd3 51. Ra5 Ke6 52. Ra4 f6 53. Re4+ Kf5
54. Rf4+ Ke5 55. Ra4 g5 56. hxg5 fxg5 57. Ra2 Kf5 58. Kg2 1/2-1/2

[Event "4NCL/Div3/WES2 vs. NWE2"]
[Site "Wokefield Park ENG"]
[Date "2007.03.04"]
[Round "8.7"]
[White "Marsh, Roger"]
[Black "Savory, Richard"]
[Result "1/2-1/2"]
[WhiteElo "2094"]
[BlackElo "2119"]
[PlyCount "55"]
[EventDate "2007.03.04"]
[EventType "team"]
[EventRounds "11"]
[EventCountry "ENG"]

1. d4 d5 2. c4 c6 3. cxd5 cxd5 4. Nc3 Nc6 5. Nf3 Nf6 6. g3 h6 7. Bg2 a6 8. O-O
Bf5 9. Bf4 e6 10. Ne5 Be7 11. Rc1 Rc8 12. Na4 Nxe5 13. Bxe5 O-O 14. Rxc8 Qxc8
15. Qc1 Nd7 16. Bf4 b5 17. Nc3 Qc4 18. e4 dxe4 19. Nxe4 Rc8 20. b3 Qxc1 21.
Rxc1 Rxc1+ 22. Bxc1 Nf6 23. Nc5 a5 24. a3 Nd5 25. Bf1 b4 26. axb4 axb4 27. Bc4
Nb6 28. Bd3 1/2-1/2

[Event "4NCL/Div3/WES2 vs. NWE2"]
[Site "Wokefield Park ENG"]
[Date "2007.03.04"]
[Round "8.8"]
[White "Milligan, Helen"]
[Black "Norman, Dinah"]
[Result "1-0"]
[WhiteElo "2041"]
[BlackElo "2003"]
[PlyCount "91"]
[EventDate "2007.03.04"]
[EventType "team"]
[EventRounds "11"]
[EventCountry "ENG"]

1. e4 c6 2. d4 d5 3. Nc3 dxe4 4. Nxe4 Nd7 5. Ng5 Ngf6 6. Bd3 e6 7. N1f3 Bd6 8.
Qe2 h6 9. Ne4 Nxe4 10. Qxe4 Nf6 11. Qe2 c5 12. c3 O-O 13. O-O Qc7 14. Bd2 a6
15. Rfe1 Bd7 16. h3 Rac8 17. dxc5 Bxc5 18. c4 Bc6 19. Bc3 Be7 20. Ne5 Rcd8 21.
Rad1 Rxd3 22. Rxd3 Be4 23. Rdd1 Bf5 24. Ng4 Nxg4 25. hxg4 Bg6 26. Be5 Qb6 27.
Rd7 Bc5 28. a3 Qb3 29. Red1 Re8 30. Bd4 Bxd4 31. R1xd4 Rc8 32. Rf4 Rc6 33. Rfd4
e5 34. Qxe5 Rxc4 35. Rxc4 Qxc4 36. Rxb7 Qc6 37. Re7 Qc1+ 38. Kh2 Qc4 39. Qe2
Bd3 40. Qf3 Bg6 41. Re3 Qb5 42. b4 Qb8+ 43. Qg3 Qb5 44. Re5 Qf1 45. Rc5 Be4 46.
f3 1-0

[Event "4NCL/Div3/SLOS3 vs. BRI2"]
[Site "Wokefield Park ENG"]
[Date "2007.03.04"]
[Round "8.2"]
[White "Humphreys, Jerry"]
[Black "Purton, Ben J"]
[Result "0-1"]
[WhiteElo "2102"]
[BlackElo "2112"]
[PlyCount "72"]
[EventDate "2007.03.04"]
[EventType "team"]
[EventRounds "11"]
[EventCountry "ENG"]

1. c4 Nf6 2. Nc3 e6 3. g3 d5 4. cxd5 exd5 5. d4 c5 6. Nf3 Nc6 7. Bg2 Bg4 8.
dxc5 d4 9. Na4 Qd7 10. O-O O-O-O 11. Bd2 Qf5 12. Qb1 d3 13. Nh4 Qh5 14. exd3 g5
15. Bxg5 Qxg5 16. Qc2 Rg8 17. Rfe1 Nd4 18. Qc4 Qxh4 19. c6 Qh5 20. cxb7+ Kb8
21. Rac1 Bd6 22. Qxd4 Bxg3 23. Qxf6 Bxh2+ 24. Kf1 Bh3 25. Rc8+ Bxc8 26. bxc8=Q+
Rxc8 27. Qe7 Qb5 28. Qe4 Rxg2 29. Kxg2 Rg8+ 30. Kf3 f5 31. Qc4 Qb7+ 32. Ke2 Qg2
33. Kd1 Qf3+ 34. Kc1 Rc8 35. Nc5 Qf4+ 36. Kb1 Qxc4 0-1

[Event "4NCL/Div3/SLOS3 vs. BRI2"]
[Site "Wokefield Park ENG"]
[Date "2007.03.04"]
[Round "8.3"]
[White "Sparkes, Daniel A"]
[Black "Timmins, Chris P"]
[Result "0-1"]
[WhiteElo "2015"]
[BlackElo "2105"]
[PlyCount "123"]
[EventDate "2007.03.04"]
[EventType "team"]
[EventRounds "11"]
[EventCountry "ENG"]

1. e4 c6 2. d4 d5 3. Nc3 dxe4 4. Nxe4 Nf6 5. Nxf6+ gxf6 6. Bc4 Bf5 7. Ne2 e6 8.
Ng3 Bg6 9. h4 h5 10. Be2 Nd7 11. Nxh5 Bxh5 12. Bxh5 Qa5+ 13. Bd2 Qxh5 14. Qxh5
Rxh5 15. g4 Rh8 16. h5 c5 17. dxc5 Bxc5 18. f4 e5 19. O-O-O O-O-O 20. g5 fxg5
21. fxg5 Nf8 22. Rde1 Re8 23. Bc3 Nd7 24. h6 Rh7 25. Rhf1 Re6 26. Rf5 Bd6 27.
Kd1 Kd8 28. Ke2 Nf8 29. Kf3 Ng6 30. Kg4 Ke7 31. Ref1 Nf4 32. Re1 f6 33. gxf6+
Rxf6 34. Bxe5 Bxe5 35. Rexe5+ Ne6 36. Rxf6 Kxf6 37. Rh5 Nd8 38. Rf5+ Ke6 39.
Rh5 Nf7 40. Kf3 Rxh6 41. Rc5 Kd6 42. Ra5 a6 43. b3 Re6 44. Rf5 Nd8 45. c4 Kc7
46. Kf2 Nc6 47. Kf1 Ne5 48. Ke2 Nxc4+ 49. Kd3 Nd6 50. Rh5 Kc6 51. a4 Rg6 52.
Kc3 Nc8 53. Kb4 Kb6 54. a5+ Kc7 55. Rc5+ Rc6 56. Rh5 Ne7 57. Re5 Kd6 58. Rh5
Nd5+ 59. Ka4 Rc1 60. b4 Ra1+ 61. Kb3 Rb1+ 62. Ka3 0-1

[Event "4NCL/Div3/SLOS3 vs. BRI2"]
[Site "Wokefield Park ENG"]
[Date "2007.03.04"]
[Round "8.4"]
[White "Curtis, John"]
[Black "Nelson, Omowale"]
[Result "1-0"]
[WhiteElo "2127"]
[BlackElo "2086"]
[PlyCount "47"]
[EventDate "2007.03.04"]
[EventType "team"]
[EventRounds "11"]
[EventCountry "ENG"]

1. d4 d5 2. Nf3 Nf6 3. e3 Bf5 4. c4 dxc4 5. Bxc4 c6 6. Qb3 Qc7 7. Bxf7+ Kd8 8.
Nc3 Nbd7 9. Ng5 h6 10. Ne6+ Bxe6 11. Bxe6 g5 12. Bd2 Bg7 13. Rc1 Qb6 14. Qc4
Ne8 15. Bxd7 Kxd7 16. Na4 Qc7 17. Nc5+ Kc8 18. Ne6 Qd7 19. Nxg7 Nxg7 20. d5 Rd8
21. Ba5 b6 22. dxc6 Qd3 23. c7 Rd5 24. Qc6 1-0

[Event "4NCL/Div3/SLOS3 vs. BRI2"]
[Site "Wokefield Park ENG"]
[Date "2007.03.04"]
[Round "8.5"]
[White "de Coverly, Roger"]
[Black "Dilleigh, Stephen P"]
[Result "1-0"]
[WhiteElo "2092"]
[BlackElo "2125"]
[PlyCount "85"]
[EventDate "2007.03.04"]
[EventType "team"]
[EventRounds "11"]
[EventCountry "ENG"]

1. Nf3 Nf6 2. g3 d5 3. c4 e6 4. Bg2 Be7 5. d4 O-O 6. O-O dxc4 7. Qc2 a6 8. Qxc4
b5 9. Qc2 Bb7 10. a4 b4 11. Nbd2 Nbd7 12. Nb3 Be4 13. Qd1 c5 14. dxc5 Nxc5 15.
Nxc5 Bxc5 16. Qxd8 Rfxd8 17. Ne5 Bxg2 18. Kxg2 Rd5 19. Nd3 Be7 20. Bd2 a5 21.
Rac1 Rdd8 22. Be3 Rdc8 23. Bb6 Rcb8 24. Bc5 Bd8 25. Rc4 Nd7 26. Rfc1 Nxc5 27.
Rxc5 f6 28. Nf4 Kf7 29. Rc6 e5 30. Nd5 Rb7 31. e4 Rd7 32. Kf1 Raa7 33. Ke2 Rdb7
34. Ne3 Rc7 35. Rxc7+ Rxc7 36. Rxc7+ Bxc7 37. Nd5 Bd8 38. Kd3 Ke6 39. Kc4 Kd6
40. Kb5 f5 41. f3 h5 42. Ne3 f4 43. Nf5+ 1-0

[Event "4NCL/Div3/SLOS3 vs. BRI2"]
[Site "Wokefield Park ENG"]
[Date "2007.03.04"]
[Round "8.6"]
[White "Hickman, John"]
[Black "Makepeace, Philip J"]
[Result "0-1"]
[WhiteElo "2052"]
[BlackElo "1947"]
[PlyCount "50"]
[EventDate "2007.03.04"]
[EventType "team"]
[EventRounds "11"]
[EventCountry "ENG"]

1. e4 c6 2. d4 d5 3. exd5 cxd5 4. Bd3 Nc6 5. c3 Nf6 6. Bf4 e6 7. Nf3 Bd6 8.
Bxd6 Qxd6 9. O-O Bd7 10. Nbd2 Qf4 11. Qe2 h5 12. b4 a5 13. b5 Ne7 14. Ne5 Ng4
15. Ndf3 Rc8 16. Nxd7 Kxd7 17. c4 dxc4 18. Bxc4 Nf5 19. g3 Qd6 20. d5 e5 21.
Ng5 Qg6 22. Ne4 Nd4 23. Qd3 Rxc4 24. Nf6+ gxf6 25. Qxc4 Qe4 0-1

[Event "4NCL/Div3/SLOS3 vs. BRI2"]
[Site "Wokefield Park ENG"]
[Date "2007.03.04"]
[Round "8.7"]
[White "Willis, Rupert"]
[Black "Maillot, Fabien"]
[Result "1-0"]
[WhiteElo "1870"]
[BlackElo "2025"]
[PlyCount "83"]
[EventDate "2007.03.04"]
[EventType "team"]
[EventRounds "11"]
[EventCountry "ENG"]

1. c4 g6 2. Nc3 Bg7 3. g3 Nf6 4. Bg2 O-O 5. d4 d6 6. Nf3 Nbd7 7. O-O c6 8. e4
e5 9. h3 Qe7 10. Re1 exd4 11. Nxd4 Nc5 12. b3 Re8 13. Bb2 Qc7 14. Qd2 Bd7 15.
Rad1 Rad8 16. f4 Qb6 17. Kh2 Bc8 18. Re2 a5 19. Rf1 a4 20. Nxa4 Nxa4 21. bxa4
Qa6 22. Qc2 Nd7 23. Re3 Nb6 24. Rc1 Qxa4 25. Rb3 Nd7 26. Ne2 Qa5 27. Rc3 Qc5
28. Rd3 Bxb2 29. Qxb2 Nb6 30. Qc3 Be6 31. Rd4 Ra8 32. f5 Bxf5 33. Nf4 Be6 34.
Rcd1 Rxa2 35. Rxd6 Nxc4 36. Rxe6 fxe6 37. Rd7 e5 38. Rxb7 Ra3 39. Qc1 Qe3 40.
Qxc4+ Kh8 41. Rxh7+ Kxh7 42. Qf7+ 1-0

[Event "4NCL/Div3/SLOS3 vs. BRI2"]
[Site "Wokefield Park ENG"]
[Date "2007.03.04"]
[Round "8.8"]
[White "Owens, Megan"]
[Black "Oliver, Shannon"]
[Result "1-0"]
[WhiteElo "1760"]
[BlackElo "1929"]
[PlyCount "95"]
[EventDate "2007.03.04"]
[EventType "team"]
[EventRounds "11"]
[EventCountry "ENG"]

1. d4 Nf6 2. Nf3 e6 3. c4 b6 4. Nc3 Bb4 5. Bg5 Bb7 6. d5 exd5 7. cxd5 O-O 8. e4
h6 9. Bxf6 Qxf6 10. Qd4 Qxd4 11. Nxd4 c6 12. dxc6 Bxc3+ 13. bxc3 dxc6 14. f3
Nd7 15. Nf5 Rad8 16. Nd6 Ba8 17. O-O-O Ne5 18. Be2 Rd7 19. f4 Ng6 20. Bg4 Re7
21. Rhf1 c5 22. Nf5 Rxe4 23. Rd7 Rxf4 24. Ne7+ Kh7 25. Rxf4 Nxf4 26. g3 Ne6 27.
Bf5+ g6 28. Nxg6 Re8 29. Bxe6 Bc6 30. Re7 Kxg6 31. Bxf7+ Kf6 32. Bxe8 Kxe7 33.
Bxc6 Ke6 34. Kd2 Kf5 35. h3 Ke5 36. Kd3 Kd6 37. Bb5 Kd5 38. Bc4+ Ke5 39. Ke3 h5
40. Bf7 h4 41. g4 b5 42. Be8 b4 43. cxb4 cxb4 44. Kd3 Kf4 45. Kc4 Kg3 46. g5
Kxh3 47. Bd7+ Kh2 48. g6 1-0

[Event "4NCL/Div3/KHE vs. MIN"]
[Site "Wokefield Park ENG"]
[Date "2007.05.05"]
[Round "9.1"]
[White "Berry, Stephen H"]
[Black "Jedynak, Radoslaw"]
[Result "0-1"]
[WhiteElo "2379"]
[BlackElo "2538"]
[PlyCount "100"]
[EventDate "2007.05.05"]

1. e4 e6 2. d4 d5 3. e5 c5 4. c3 Qb6 5. Nf3 Bd7 6. a3 cxd4 7. cxd4 Bb5 8. Bxb5+
Qxb5 9. Nc3 Qa6 10. Ne2 Ne7 11. O-O Nd7 12. Be3 Nf5 13. Bf4 Be7 14. Ng3 Nxg3
15. fxg3 Qb6 16. Qd2 O-O 17. Rf2 Rac8 18. Raf1 f5 19. Bg5 Bxg5 20. Qxg5 h6 21.
Qh4 Rf7 22. h3 Nf8 23. Qh5 Qb3 24. g4 Qe3 25. gxf5 Rxf5 26. Qg4 Rf4 27. Qg3
Rxd4 28. Kh2 Rdc4 29. Rd2 Qf4 30. Rfd1 Qxg3+ 31. Kxg3 Re4 32. Rd4 Re2 33. R1d2
Rxd2 34. Rxd2 Kf7 35. Rd4 Ng6 36. Rb4 b6 37. b3 Rc3 38. Kf2 Nf8 39. a4 Nd7 40.
Rf4+ Ke7 41. Rg4 Kf7 42. Rf4+ Kg8 43. Nd4 Nxe5 44. Kg1 Ng6 45. Rg4 Nf8 46. b4
Rc4 47. Nb3 Rxg4 48. hxg4 a5 49. bxa5 bxa5 50. Nd4 Kf7 0-1

[Event "4NCL/Div3/KHE vs. MIN"]
[Site "Wokefield Park ENG"]
[Date "2007.05.05"]
[Round "9.2"]
[White "Rizouk, Ryad"]
[Black "Whiteley, Andrew"]
[Result "0-1"]
[WhiteElo "2363"]
[BlackElo "2246"]
[PlyCount "40"]
[EventDate "2007.05.05"]

1. e4 e6 2. d4 d5 3. Nc3 Bb4 4. e5 c5 5. a3 Bxc3+ 6. bxc3 Qc7 7. Ne2 b6 8. a4
Ba6 9. Ra3 Nd7 10. Nf4 Bxf1 11. Kxf1 Ne7 12. Nh5 O-O 13. h4 Rac8 14. Qg4 Ng6
15. Nxg7 cxd4 16. Nxe6 Qc4+ 17. Kg1 Ndxe5 18. Qg3 fxe6 19. Bh6 Rf5 20. cxd4
Qxd4 0-1